Pensamos y aprendemos: texto de lenguaje y comunicación desarrollo del lenguaje, del pensamiento y formación de actitudes, tercer año básico y reeducación
שמור ב:
| Main Authors: | , |
|---|---|
| פורמט: | ספר |
| שפה: | ספרדית |
| יצא לאור: |
Santiago
Andrés Bello
2000
|
| נושאים: | |
| תגים: |
הוספת תג
אין תגיות, היה/י הראשונ/ה לתייג את הרשומה!
|
MARC
| LEADER | 00000nam a2200000 a 4500 | ||
|---|---|---|---|
| 001 | UCL5859 | ||
| 003 | CL-VaPUC | ||
| 008 | 040319e20000000CL |||||||||||||||||spa|d | ||
| 082 | 0 | 4 | |a 372.6 |b RIO |2 21 |
| 100 | 0 | |a Rioseco Izquierdo, Rosita |e author |9 483564 | |
| 700 | 0 | |a Ziliani Cárcamo, Mónica |e author |9 483565 | |
| 245 | 1 | 0 | |a Pensamos y aprendemos: texto de lenguaje y comunicación desarrollo del lenguaje, del pensamiento y formación de actitudes, tercer año básico y reeducación |
| 300 | |a 160 p | ||
| 942 | |c BK | ||
| 945 | |d 20040319 00:00:00 |a cmena | ||
| 260 | |a Santiago |b Andrés Bello |c 2000 | ||
| 650 | 0 | |a Enseñanza del lenguaje |9 373325 | |
| 650 | 0 | |a Educación básica |9 224933 | |
| 650 | 7 | |a ENSEÑANZA DEL CASTELLANO |2 CL-VaPUC |9 483566 | |
| 650 | 0 | |a Educación lingüística |9 306506 | |
| 583 | |a last modification |c 20040319 00:00:00 |k Rodrigo Vera | ||
| 999 | |c 308239 |d 308237 | ||
| 952 | |0 0 |1 0 |4 0 |6 372_600000000000000_RIO_2000 |7 0 |8 P |9 374582 |a BIBEDU |b BIBEDU |c BIBEDU_PB |d 2019-11-21 |i 3962717 |o 372.6 RIO 2000 |p 3962717 |r 2024-01-25 |w 2019-11-21 |y BK |k EBA | ||
| 952 | |0 0 |1 0 |4 0 |6 372_600000000000000_RIO_2000 |7 0 |8 P |9 374583 |a BIBEDU |b BIBEDU |d 2019-11-21 |i 3962725 |o 372.6 RIO 2000 |p 3962725 |r 2019-11-21 |w 2019-11-21 |y BK |k EBA | ||